Music Quiz

Random Music or Artist Quiz
Score 0/24 Timer 04:00
0 Plays Today
% Correct
Taylor Swift
94%
David Bowie
92.3%
Freddie Mercury
85.7%
Mick Jagger
85.3%
Selena Gomez
85%
Yoko Ono
79.1%
Jamie Foxx
76.9%
Kelly Clarkson
72.8%
Cyndi Lauper
68.4%
Whitney Houston
67.7%
Paula Abdul
66.2%
Sammy Davis Jr.
56%
% Correct
Robin Thicke
55.9%
Iggy Pop
53.3%
Gloria Estefan
51.8%
Smokey Robinson
34.6%
Dionne Warwick
34.3%
Ritchie Valens
33.8%
Carole King
32.3%
Trisha Yearwood
30.4%
Chris Isaak
27.8%
Ted Nugent
21.9%
Brendon Urie
18.4%
Pia Zadora
13.7%
Remove Ads.
Support Sporcle.
Get the best of Sporcle when you Go Orange. This ad-free experience offers more features, more stats, and more fun while also helping to support Sporcle. Thank you for becoming a member.

You're not logged in!

Compare scores with friends on all Sporcle quizzes.
OR
Log In

Show Comments

Extras

Top Quizzes Today


Score Distribution

Your Account Isn't Verified!

In order to create a playlist on Sporcle, you need to verify the email address you used during registration. Go to your Sporcle Settings to finish the process.

Report this User

Report this user for behavior that violates our Community Guidelines.

Details: